000 00472nam a22001817a 4500
003 CEME
005 20210628203844.0
008 210317b xxu||||| |||| 00| 0 eng d
020 _a0-7923-9594-8
040 _c.
082 _a620.00151535 SAL'F
100 _aSalon, S. J
_967593
245 _aFinite element analysis of electrical machines
260 _aBOSTON
_bKLUWER
_c1995
300 _a247P
650 _aFINITE ELEMENT ANALYSIS .FEM.
_967594
942 _cBK
_2ddc
999 _c575329
_d575329